Romance Anime Female Characters - By Picture - Statistics

General Stats
  • This quiz has been taken 169 times
  • The average score is 3 of 16
Answer Stats
Picture Answer % Correct
Miyako Shikimori
71%
Mai Sakurajima
60%
Isla
28%
Kumiko "Josee" Yamamura
26%
Rikka Takanashi
22%
Nazuna Nanakusa
17%
Nagisa Furukawa
12%
Yuki Itose
7%
Mio Fuyutsuki
5%
Isaki Magari
3%
Ayame Himuro
2%
Chisaki Hiradaira
2%
Manaka Mukaido
2%
Riho Tsukishima
2%
Yuki "Smile"
2%
Ichika Takatsuki
1%
No matching quizzes found
Score Distribution
Percent of People with Each Score
Percentile by Number Answered
Your Score History
You have not taken this quiz